The bullwhip effect in supply chains. A review of methods, components and cases

Uloženo v:
Podrobná bibliografie
Hlavní autor: Carranza Torres, Octavio A
Další autoři: Villegas Morán, Felipe A
Médium: Kniha
Jazyk:angličtina
Vydáno: New York, USA Palgrave MacMillan 2006
Témata:
Tagy: Přidat tag
Žádné tagy, Buďte první, kdo vytvoří štítek k tomuto záznamu!

MARC

LEADER 00000nam a2200000 a 4500
001 UCI5256
003 CL-VaPUC
005 20231123151733.0
008 080320e20060000US |||||||||||||||||eng|d
999 |c 329011  |d 329009 
020 |a 9781403998583 
040 |c Pontificia Universidad Católica de Valparaíso 
082 0 4 |a 658.72 CAR 2006  |2 21 
100 0 |a Carranza Torres, Octavio A  |9 527459 
245 1 4 |a The bullwhip effect in supply chains. A review of methods, components and cases 
260 0 3 |a New York, USA  |b Palgrave MacMillan  |c 2006 
300 |a 248 páginas 
583 |a last modification  |c 20080320 00:00:00  |k Rodrigo Vera 
650 0 |a Control de inventario  |9 263777 
650 0 |a Análisis de stocks  |9 527461 
650 0 |a Stocks  |9 361023 
650 7 |a LOGISTICA  |2 CL-VaPUC  |9 485423 
650 0 |a Abastecimiento  |9 443339 
650 0 |a Administración de empresas   |9 260833 
700 0 |a Villegas Morán, Felipe A  |9 527460 
942 |c BK  |2 ddc 
945 |d 20080320 00:00:00  |a rbrito 
952 |0 0  |1 0  |2 ddc  |4 0  |6 658_720000000000000_CAR_2006  |7 0  |8 A  |9 413279  |a BIBING  |b BIBING  |d 2019-11-22  |i 4417577  |o 658.72 CAR 2006  |p 4417577  |r 2025-01-20  |t 1  |w 2019-11-22  |y BK  |k EII